000 00819nam a2200265Ia 4500
003 GCL
005 20240530101915.0
008 140319s9999 xx 000 0 ara d
040 _aGCL /
_cGCL
082 0 4 _a379.62
_bق/س ت
100 1 _aسعيد اسماعيل على
245 1 0 _aتاريخ الفكر التربوى فى مصر الحديثة /
_cسعيد اسماعيل على
260 _a[S.N] :
_bالهيئة المصرية العامة للكتاب ،
_c1989
300 _a239 ص
490 _aتاريخ المصريين
_v0
650 0 4 _aالعلماء
650 0 4 _aتاريخ
650 0 4 _aالعلم
650 0 4 _aالمجتمع
650 0 4 _aالتعليم
650 0 4 _aالتربية
650 0 4 _aالاجتماع
650 0 4 _aالتغير الاجتماعى
942 _2ddc
_cBK
999 _c28618
_d28618